Normal view
MARC view
- جهينة، رمضان محمد/ م. مشارك فاروق البرقي
Entry Personal Name
001 - CONTROL NUMBER
- control field: 31048
003 - CONTROL NUMBER IDENTIFIER
- control field: JO-AjAnu
005 - DATE AND TIME OF LATEST TRANSACTION
- control field: 20230606075231.0
008 - FIXED-LENGTH DATA ELEMENTS
- fixed length control field: 230606|| aca||aabn | a|a d
040 ## - CATALOGING SOURCE
- Original cataloging agency: JO-AjAnu
- Transcribing agency: JO-AjAnu
100 ## - HEADING--PERSONAL NAME
- Personal name: جهينة، رمضان محمد/ م. مشارك فاروق البرقي
670 ## - SOURCE DATA FOUND
- Source citation: Work cat.: (JO-AjAnu)15944: جهينة، رمضان محمد/ م. مشارك فاروق البرقي , author, الجبر الخطي وتطبيقاته